| 000 | 00712cam a2200181 4500 | ||
|---|---|---|---|
| 001 | ABS61273 | ||
| 008 | 000000n1999 000 0 eng u | ||
| 035 | _a(Sirsi) u101894 | ||
| 100 | _aDiaz, J. | ||
| 245 | 4 | _aThe first decade of behavioural research in the discipline of property. | |
| 260 | _c1999 | ||
| 490 |
_aJournal of Property Investment and Finance _v17(4) 1999, 326-332(4) |
||
| 520 | _aIntroductory literature review of behavioural research in property. This is a new discipline, still in its first decade, and has been applied mostly to valuation. | ||
| 650 | _aPROPERTY RESEARCH | ||
| 650 | _aACADEMIC RESEARCH | ||
| 690 | _aMANAGEMENT-BUSINESS MANAGEMENT-PROFESSIONAL PRACTICE | ||
| 942 | _n0 | ||
| 999 |
_c60995 _d60995 |
||